Countries and Territories of the World (No Hints) - Statistics

General Stats
  • This quiz has been taken 11 times
  • The average score is 219 of 251
Answer Stats
Answer % Correct
Afghanistan
100%
Albania
100%
Algeria
100%
Andorra
100%
Antigua and Barbuda
100%
Argentina
100%
Australia
100%
Bahamas
100%
Bangladesh
100%
Barbados
100%
Belarus
100%
Belize
100%
Benin
100%
Bhutan
100%
Bolivia
100%
Bosnia and Herzegovina
100%
Brazil
100%
Brunei
100%
Bulgaria
100%
Cambodia
100%
Cameroon
100%
Canada
100%
Central African Republic
100%
Chad
100%
Chile
100%
China
100%
Colombia
100%
Comoros
100%
Costa Rica
100%
Croatia
100%
Cuba
100%
Czech Republic/Czechia
100%
Denmark
100%
Djibouti
100%
Dominica
100%
Ecuador
100%
Egypt
100%
El Salvador
100%
Equatorial Guinea
100%
Eritrea
100%
Estonia
100%
Ethiopia
100%
Finland
100%
France
100%
Gabon
100%
Gambia
100%
Ghana
100%
Greece
100%
Greenland
100%
Grenada
100%
Guatemala
100%
Guinea
100%
Guinea-Bissau
100%
Guyana
100%
Iceland
100%
India
100%
Indonesia
100%
Italy
100%
Jamaica
100%
Japan
100%
Kazakhstan
100%
Kenya
100%
Kiribati
100%
Kyrgyzstan
100%
Laos
100%
Latvia
100%
Lesotho
100%
Liberia
100%
Libya
100%
Liechtenstein
100%
Lithuania
100%
Madagascar
100%
Malawi
100%
Malaysia
100%
Maldives
100%
Mali
100%
Mauritania
100%
Mauritius
100%
Mexico
100%
Micronesia
100%
Moldova
100%
Mongolia
100%
Myanmar
100%
Namibia
100%
Nauru
100%
Nepal
100%
New Zealand
100%
Nicaragua
100%
Niger
100%
Nigeria
100%
North Korea
100%
North Macedonia
100%
Norway
100%
Pakistan
100%
Palau
100%
Panama
100%
Peru
100%
Poland
100%
Republic of the Congo
100%
Romania
100%
Russia
100%
Saint Kitts and Nevis
100%
Saint Lucia
100%
Saint Vincent and the Grenadines
100%
Samoa
100%
São Tomé and Príncipe
100%
Senegal
100%
Serbia
100%
Seychelles
100%
Sierra Leone
100%
Singapore
100%
Slovakia
100%
Slovenia
100%
Solomon Islands
100%
Somalia
100%
South Africa
100%
South Korea
100%
South Sudan
100%
Spain
100%
Sudan
100%
Suriname
100%
Sweden
100%
Switzerland
100%
Tajikistan
100%
Tanzania
100%
Thailand
100%
Timor-Leste/East Timor
100%
Togo
100%
Tonga
100%
Trinidad and Tobago
100%
Tunisia
100%
Turkmenistan
100%
Ukraine
100%
United States/USA
100%
Uzbekistan
100%
Vanuatu
100%
Venezuela
100%
Vietnam
100%
Zambia
100%
Zimbabwe
100%
Angola
88%
Armenia
88%
Austria
88%
Azerbaijan
88%
Belgium
88%
Botswana
88%
Burkina Faso
88%
Cyprus
88%
Democratic Republic of Congo/DRC
88%
Dominican Republic
88%
Eswatini
88%
Fiji
88%
French Polynesia
88%
Georgia
88%
Germany
88%
Haiti
88%
Honduras
88%
Hungary
88%
Iran
88%
Iraq
88%
Ireland
88%
Ivory Coast
88%
Luxembourg
88%
Malta
88%
Marshall Islands
88%
Monaco
88%
Montenegro
88%
Morocco
88%
Mozambique
88%
Netherlands
88%
New Caledonia
88%
Papua New Guinea
88%
Paraguay
88%
Philippines
88%
Portugal
88%
Rwanda
88%
San Marino
88%
Sri Lanka
88%
Turkey
88%
Tuvalu
88%
Uganda
88%
Uruguay
88%
Vatican City
88%
American Samoa
75%
Bahrain
75%
Burundi
75%
Cape Verde
75%
Cayman Islands
75%
Gibraltar
75%
Guadeloupe
75%
Guam
75%
Israel
75%
Jordan
75%
Kosovo
75%
Lebanon
75%
Martinique
75%
Montserrat
75%
Northern Ireland
75%
Oman
75%
Palestine
75%
Puerto Rico
75%
Qatar
75%
Saudi Arabia
75%
Scotland
75%
Syria
75%
United Arab Emirates/UAE
75%
U.S Virgin Islands
75%
Wales
75%
Yemen
75%
Anguilla
63%
Aruba
63%
Bermuda
63%
Bonaire
63%
British Virgin Islands
63%
Cook Islands
63%
Curacao
63%
England
63%
Falkland Islands
63%
French Guiana
63%
Guernsey
63%
Isle of Man
63%
Jersey
63%
Kuwait
63%
Niue
63%
Northern Mariana Islands
63%
Saint Helena
63%
Saint Martin
63%
Taiwan
63%
Tokelau
63%
Turks and Caicos
63%
Ascension Island
50%
Pitcairn Islands
50%
Reunion
50%
Saba
50%
Sint Maarten
50%
Wallis and Futuna
50%
Western Sahara
50%
Christmas Island
38%
Cocos (Keeling) Islands
38%
Hong Kong
38%
Macau
38%
Mayotte
38%
Norfolk Island
38%
Saint Barthélemy
38%
Saint Pierre and Miquelon
38%
Sint Eustatius
38%
South Georgia and South Sandwich Islands
38%
Tibet
38%
Tristan da Cunha
38%
Alderney
25%
British Indian Ocean Territory
25%
No matching quizzes found
Score Distribution
Percent of People with Each Score
Percentile by Number Answered
Your Score History
You have not taken this quiz